| 000 | 00419nam a2200169Ia 4500 | ||
|---|---|---|---|
| 008 | 230718s9999 xx 000 0 und d | ||
| 041 | _aeng | ||
| 082 |
_a620.811 _bHAI |
||
| 100 | _aHaideri F. | ||
| 245 | _aDynamics Of Machinery | ||
| 250 | _a9th | ||
| 260 |
_c2009 _bNirali Prakashan |
||
| 300 |
_a724 _cWith Diagram |
||
| 365 |
_cRs. _b425.00 |
||
| 700 | _aHaideri F. | ||
| 906 |
_dB:217928-Jul-2009 _cMECH _b127.5 |
||
| 999 |
_c322319 _d322319 |
||